| 000 | 00459nam a2200181Ia 4500 | ||
|---|---|---|---|
| 001 | 13813 | ||
| 005 | 20260306164828.0 | ||
| 008 | 260306t1997||||xx |||||||||||||| ||spa|| | ||
| 041 | _aESP | ||
| 082 |
_a005.3 _bN18 |
||
| 100 |
_aNakamura, Shoichiro _eAUT |
||
| 245 | 0 | _aAnálisis numérico y visualización gráfica con MATLAB | |
| 260 | _c1997 | ||
| 300 |
_axiii, 476 páginas : _c23 cm. |
||
| 650 | _aGEN | ||
| 654 | _aCCC | ||
| 942 |
_cLIB _dJUS _fJUS _2ddc _n |
||
| 999 |
_c13813 _d13813 |
||